000 01503cam a2200409 4500
008 040128n2004 000 0 eng u
020 _a1873394667
035 _a(Sirsi) u125793
041 _aeng
050 _a690
_c18
100 _aSmith, Percy
245 _aRivington's building construction
260 _aShaftesbury
_bDonhead
_c2004
300 _a3
_fv. (520p.)
_bill.
_c25cm.
490 _aRivington's Series of Notes on Building Construction
505 _aStone
505 _aBricks, tiles, terra cotta etc
505 _aLimes, cements, mortar, concrete, plasters and asphaltes
505 _aMetals
505 _aTimber
505 _aPaints and varnishes
505 _aGlass
505 _aPaperhanging
505 _aMiscellaneous
520 _aThird volume in this three volume work looking in detail at the forms, methods and materials used in building construction. This volume deals with the nature, characteristics, qualities and defects of the materials used in building and engineering works. Also describes the methods of examining and testing such materials.
650 _aBUILT ENVIRONMENT-BUILDING MATERIALS
650 _aBUILT ENVIRONMENT-BUILDING MATERIALS-STONE
650 _aTIMBER
650 _aGLASS
650 _aBRICKS
650 _aCEMENT
650 _aCONCRETE
650 _aBUILT ENVIRONMENT-BUILDING MATERIALS-METAL
650 _aBUILT ENVIRONMENT-BUILDING MATERIALS
690 _aBUILT ENVIRONMENT-BUILDING MATERIALS
942 _n0
999 _c103474
_d103474